000 00657nam a22002057a 4500
999 _c16390
_d16390
003 AR-CdUCM
008 190503b ||||| |||| 00| 0 spa d
040 _aMUNICIPALIDAD PROVINCIAL DEL CUSCO
_cBIBLIOTECA MUNICIPAL DEL CUSCO
082 _a343.2011 /
_bM39
100 _aMejia Baca, Juan
_96753
245 _aManual del lector /
260 _aLima :
_bLibreri editorial juan mejia baca,
_c1962.
300 _a264 paginas ;
_bIlustraciones, graficos, dibujos,
_c18 cm.
500 _amanual para la lectura adecuada
650 _aManual
_97438
650 _aLiteratura
_983
650 _aHistoria
_9136
942 _2ddc
_cLIBROS
945 _apjha
_d2019-05-03